000 00497nam a22002051a 4500
001 407
003 OSt
005 20260204211651.0
008 031127s2000||||sp ||||||b||||||||||spa||
020 _a9580427143
050 _a415 E14c
082 _a415 E14c
100 _aEscarpanter, José
245 _aComo dominar la gramática / José Escarpanter
264 _aEspaña : Norma
300 _a301 p
500 _aIncluye indice
650 _a1.Gramática-Lengua EspañolaÌ
942 _2ddc
_cBK
999 _c407
_d407